| 000 | 00407 a2200133 4500 | ||
|---|---|---|---|
| 001 | 91650 | ||
| 082 | _aPR 1618 | ||
| 090 |
_c43810 _d43809 |
||
| 100 | _aFawad Khan Jadoon; Prof Shakeel Alvi, Advisor | ||
| 245 |
_aTo Conduct the Feasibility Study for the Integration of AIM-AL-LIMA Missile on F-7P Aircraft _n51 "B" EC |
||
| 260 |
_aRawalpindi _bNUST _c1999 |
||
| 300 | _a58p | ||
| 500 | _aBE Project Reports | ||
| 942 |
_aCAE NUST _kPR 1618 |
||
| 999 |
_c326723 _d326723 |
||